000 01256nam a2200337 i 4500
001 000048091
003 DO-SdBNP
005 20260321073643.0
007 ta
008 181114s2017 dr a 000 0bspa d
020 _a9789945007152
040 _aDO-SdBNP
_bspa
_cBNPHU
_erda
082 4 _a923.27293
_bB742g, 2017
_222
100 1 _aGutiérrez Félix, Euclides,
_d1936-
_eautor
_95673
245 1 0 _aJuan Bosch :
_bperfíl biográfico /
_cEuclides Gutiérrez Félix ; edición Cándido Gerón
250 _a2da. ed. ampliada y corregida
264 _aSanto Domingo :
_bCorripio,
_c2017.
300 _a258 páginas :
_bilustraciones ;
_c24 cm.
336 _2rdacontent
_atexto
_btxt
337 _2rdamedia
_asin mediación
_bnc
338 _2rdacarrier
_avolumen
_bn
500 _aIncluye datos biográficos del autor en las solapas
500 _aIncluye referencias bibliográficas y notas al pie de las páginas
590 _aInventariado, 2018 / DG
600 1 0 _a Bosch, Juan,
_d1909-2001
_976555
650 4 _aPresidentes
_zRepública Dominicana
_vBiografías
_91288
651 4 _aRepública Dominicana
_vBiografías
_91083
651 4 _aRepública Dominicana
_vBiografías
_91083
910 _aValidado. Control de calidad MFF
942 _2ddc
_cLBS1
999 _c47579
_d47579